|
|
|
|
| LEADER |
02634nam a2200469 a 4500 |
| 001 |
EBC1130123 |
| 003 |
MiAaPQ |
| 005 |
20200520144314.0 |
| 006 |
m o d | |
| 007 |
cr cn||||||||| |
| 008 |
130103s2013 dcuabd sb i000 0 eng d |
| 010 |
|
|
|z 2012047952
|
| 020 |
|
|
|z 9780821397893 (alk. paper)
|
| 020 |
|
|
|a 9780821397909 (electronic bk.)
|
| 035 |
|
|
|a (MiAaPQ)EBC1130123
|
| 035 |
|
|
|a (Au-PeEL)EBL1130123
|
| 035 |
|
|
|a (CaPaEBR)ebr10649154
|
| 035 |
|
|
|a (CaONFJC)MIL447282
|
| 035 |
|
|
|a (OCoLC)828059545
|
| 040 |
|
|
|a MiAaPQ
|c MiAaPQ
|d MiAaPQ
|
| 043 |
|
|
|a ee-----
|a ac-----
|
| 050 |
|
4 |
|a HD9502.E8522
|b R84 2013
|
| 082 |
0 |
4 |
|a 333.79/158
|2 23
|
| 100 |
1 |
|
|a Ruggeri Laderchi, Caterina.
|
| 245 |
1 |
0 |
|a Balancing act
|h [electronic resource] :
|b cutting energy subsidies while protecting affordability /
|c Caterina Ruggeri Laderchi, Anne Olivier, Chris Trimble.
|
| 260 |
|
|
|a Washington, D.C. :
|b World Bank,
|c 2013.
|
| 300 |
|
|
|a xv, 165 p. :
|b ill. (some col.), map.
|
| 440 |
|
0 |
|a Eastern Europe and central Asia reports
|
| 504 |
|
|
|a Includes bibliographical references.
|
| 505 |
0 |
|
|a Acknowledgments -- Acronyms and abbreviations -- Overview -- Introduction -- Costs, subsidies and household tariffs : the status of reforms in the energy sector in ECA -- Household energy consumption patterns are unlikely to change in the short run -- Energy tariff increases can significantly affect the livelihoods of large segments of the population -- Helping households cope and adapt requires more effective social assistance and demand management -- Balancing fiscal and social sustainability in the energy sector is possible -- Addressing the social impact of energy subsidy removal through ESAS requires significant resources -- Methodological annexes -- Methodological appendix A -- Methodological appendix B -- Methodological appendix C -- Methodological appendix D -- References.
|
| 533 |
|
|
|a Electronic reproduction. Ann Arbor, MI : ProQuest, 2015. Available via World Wide Web. Access may be limited to ProQuest affiliated libraries.
|
| 650 |
|
0 |
|a Power resources
|z Europe, Eastern
|x Finance.
|
| 650 |
|
0 |
|a Power resources
|z Asia, Central
|x Finance.
|
| 650 |
|
0 |
|a Petroleum products
|x Prices
|z Europe, Eastern.
|
| 650 |
|
0 |
|a Petroleum products
|x Prices
|z Asia, Central.
|
| 650 |
|
0 |
|a Electric utilities
|x Rates
|z Europe, Eastern.
|
| 650 |
|
0 |
|a Electric utilities
|x Rates
|z Asia, Central.
|
| 655 |
|
4 |
|a Electronic books.
|
| 700 |
1 |
|
|a Olivier, Anne.
|
| 700 |
1 |
|
|a Trimble, Chris.
|
| 710 |
2 |
|
|a ProQuest (Firm)
|
| 856 |
4 |
0 |
|u https://ebookcentral.proquest.com/lib/matrademy/detail.action?docID=1130123
|z Click to View
|